|
|
|
|
| LEADER |
00000cam a2200000 7i4500 |
| 001 |
0000192521 |
| 005 |
20200610181510.0 |
| 020 |
|
|
|a 9781472337078
|
| 090 |
0 |
0 |
|a JF
|b FRO
|
| 245 |
0 |
0 |
|a Frozen
|
| 260 |
|
|
|a Bath :
|b Parragon Books Ltd ,
|c 2014
|
| 300 |
|
|
|a 1 v. :
|b ill. ;
|c 23cm.
|
| 490 |
0 |
|
|a Magical story
|
| 650 |
|
0 |
|a Children's stories
|
| 999 |
|
|
|a 00305818
|b BUKU
|c PINJAMAN
|e PERPUSTAKAAN KOMUNITI PETALING JAYA
|
| 999 |
|
|
|a 00309706
|b BUKU
|c PINJAMAN
|e PERPUSTAKAAN KOMUNITI PETALING JAYA
|
| 999 |
|
|
|a 00309707
|b BUKU
|c PINJAMAN
|e PERPUSTAKAAN KOMUNITI PETALING JAYA
|
| 999 |
|
|
|a 00309708
|b BUKU
|c JUNIOR REFERENCE
|e PERPUSTAKAAN KOMUNITI PETALING JAYA
|
| 999 |
|
|
|a 00376177
|b BUKU
|c PINJAMAN
|e PERPUSTAKAAN KOMUNITI PETALING JAYA
|
| 999 |
|
|
|a 00376178
|b BUKU
|c PINJAMAN
|e PERPUSTAKAAN KOMUNITI PETALING JAYA
|
| 999 |
|
|
|a 00376179
|b BUKU
|c PINJAMAN
|e MOBILE LIBRARY PKPJ
|
| 999 |
|
|
|a 00376180
|b BUKU
|c PINJAMAN
|e MOBILE LIBRARY PKPJ
|